| 000 | 00514nam a2200193Ia 4500 | ||
|---|---|---|---|
| 005 | 20240518084245.0 | ||
| 008 | 131103s9999 xx 000 0 und d | ||
| 040 | _aLoreto College | ||
| 041 | _aEnglish | ||
| 082 |
_a370.33 _bAGG |
||
| 100 | _aAggarwal, J.C. | ||
| 245 |
_aEssentials of Educational Technology _bTeaching Learning _cJ.C.Aggarwal |
||
| 260 |
_aNew Delhi _bVikas pub. _c2005 |
||
| 300 |
_axi, 463p. _b ill. |
||
| 504 | _aIncludes index | ||
| 650 | _aEducation | ||
| 850 | _aLCBED | ||
| 942 | _cBK | ||
| 999 |
_c26218 _d76697 |
||